000 02079nam a2200349 i 4500
001 000002212
003 DO-SdBNP
005 20250529130320.0
007 ta
008 090701s2004 dr abd r 000 0 spa d
040 _aDO-SdBNP
_bspa
_cBNPHU
_erda
041 _aspa
082 4 _a633.74
_bR426c
_222
110 2 _aRepública Dominicana.
_bInstituto Dominicano de Investigaciones Agropecuarias y Forestales
_96512
245 1 0 _aCacao :
_bresultados de la investigación /
_cpresentación, Ángel Castillo.
246 1 0 _aResultados de investigación
_fFebrero 2004
264 1 _aSanto Domingo :
_bIDIAF,
_c2004.
300 _a69 páginas :
_bilustraciones, diagramas mapas ;
_c23 cm.
336 _atexto
_btxt
_2rdacontent
337 _asin mediación
_bn
_2rdamedia
338 _avolumen
_bnc
_2rdacarrier
500 _aTítulo tomado de la cubierta.
500 _aIncluye referencias bibliográficas al final de cada capítulo.
505 0 _aSelección de árboles de cacao (Theobroma cacao) nativo e híbrido de buena calidad y rendimiento -- Madurez de las mazorcas y posición de las semillas en la germinación y desarrollo de las plántulas de cacao (Theobroma cacao) -- Evaluación de sustratos en el enraizamiento de estacas de cacao (Theobroma cacao) -- Frecuencia de riego y niveles de fertilización en el desarrollo de plántulas de cacao (Theobroma cacao) -- Evaluación de materiales orgánicos para el control de ratas -- Alternativas de manejo de la maleza mano poderosa (Symgonium podophylum) en el cultivo de cacao -- Evaluación de la calidad del cacao (Theobroma cacao) en tres métodos de fermentación -- Contenido de metales pesados tóxicos (níquel, plomo, cobre, cadmio y manganeso) en el cacao de la provincia Monseñor Nouel.
590 _aInventariado, 2018/BT
650 4 _aCacao
_xCultivo
_zRepública Dominicana
_96513
650 4 _aInvestigación agrícola
_zRepública Dominicana
_9126
650 4 _aAgricultura
_zRepública Dominicana
_91568
700 1 _aCastillo, Ángel
_97078
910 _aJornada de catalogación
942 _2ddc
_cLBS1
999 _c2060
_d2060